Statistiques concernant Box Office 2017 par images restreintes

Cliquez ici pour prendre le quiz!

Statistiques générales

  • Ce quiz a été pris 208 fois
  • Le résultat moyen est 9 sur 12

Statistiques - réponses

Réponse% Correct
Moi, moche et méchant 3
92%
Star Wars, épisode VIII : Les Derniers Jedi
91%
Jumanji : Bienvenue dans la jungle
86%
Coco
84%
Baby Boss
83%
La Belle et la Bête
80%
Fast and Furious 8
75%
Pirates des Caraïbes : La Vengeance de Salazar
74%
Alibi.com
70%
Tous en scène
66%
Valérian et la Cité des mille planètes
41%
Raid dingue
34%

Distribution des résultats

Percentile par nombre de réponses

% des personnes avec chaque résultat

Votre développement - résultats

Vous n’avez pas pris ce quiz